000 00729nam a2200205 i 4500
001 108958
003 ES-MaACL
005 20250807234523.0
007 t|
008 061121s1958 sp r ||||1| spa d
100 1 _aMoore, Ruth.
_982825
245 1 0 _aHombre, tiempo y fósiles
_b: dimensión histórica de la vida /
_cRuth Moore , versión española, prólogo y apéndice por Miguel Crusafont Pairó.
260 _aBarcelona [etc.] :
_bLabor,
_c[1958]
300 _aXXI , 465 p. lám. I-XXXV :
_bil ;
_c22 cm.
650 0 4 _aHombre-
_xOrigen.
_913452
650 0 7 _aHombre prehistórico
_2embne
_913455
700 1 _aCrusafont Pairó, M.
_941772
852 _aES-MaACL
_jC-14601
_bR.42418
999 _c108958
_d108958